00734nam a2200241 a 450000100060000000300080000600500170001400800410003102000140007203500190008604000260010504100080013108200260013910000740016524500850023925000150032426000460033930000090038550500200039460000380041465000220045265000180047478697BD-RjUL20211209083149.0211104s1976 ua ||||| |||| 00| e ara d a977246213 a(BD-RjUL)78923 aBD-RjULbengcBD-RjUL aara 223a982.709bHUH 1976 aحسين، طه، ;;Hussein, Taha, d1889-1973 -- ١٨٨٩---١٩٧٣ aحديث الاربعاء ;; hadith al arbiea' /c طه حسين ;; Taha Hussien a13 th. ed. aAlQahira :bدار المعارف،c1986 av. ; aVol. 1.--v.2.-- aḤusayn, Ṭāhā, d1889-1973 aArabic literature aArabic essays